000 01460nam a2200277Ia 4500
999 _c53514
_d53514
001 20560
003 GE_BSU
005 20210220093527.0
008 181216s2011||||ge |||||||||||||| ||geo||
020 _aISBN : 978-9941-13-214-8
040 _cGE_BSU
041 _ageo
080 _a546(075.8) გ-51
100 _aგიორგაძე, ქრისტინე
_9632
245 _aზოგადი და არაორგანული ქიმია :
_bნაწ. 2. ქიმიური ელემენტები /
_cქრისტინე გიორგაძე, ნოდარ ლეკიშვილი ; რედ. გ. ჩაჩავა, მაია რუსია.
264 _aთბილისი :
_bთბილ. უნ-ტის გამ-ბა,
_c2011.
300 _a232 გვ. ;
_c25 სმ.
504 _aბიბლ. გვ. 230
541 _h23 ლ.
653 _aზოგადი და არაორგანული ქიმია
700 _a ლეკიშვილი, ნოდარ
_eავტორი
_910154
700 _aჩაჩავა, გ.
_eრედაქტორი
_910155
700 _aრუსია, მაია
_eრედაქტორი
_9634
710 _aივანე ჯავახიშვილის სახელობის თბილისის სახელმწიფო უნივერსიტეტი
_910156
942 _cBK
_2udc